| 000 | 00811nam a22001937a 4500 | ||
|---|---|---|---|
| 005 | 20250915155147.0 | ||
| 010 | _aB-775182-206 20BACCHEN25 | ||
| 020 |
_a9789359549859 _c699.00 |
||
| 035 | _aB-775182-206 | ||
| 037 | _bBritannica Books | ||
| 082 | _aS | ||
| 100 |
_aBrydon, Alli _985077 |
||
| 245 |
_aBritannica 5 Minute Really True: _bStories For Family Time/ _cAlli Brydon |
||
| 260 |
_aUnited Kingdom _bBritannica Books _c2024 |
||
| 270 |
_aAllingtom Castle, Maidstone, Kent ME16 ONB _bLondon |
||
| 300 |
_a185p. _c27cm(pb) _bill.Col. |
||
| 942 |
_2ddc _cCH _hS _mBRY |
||
| 999 |
_c209661 _d209661 |
||